QUEST Central Library Banner

High voltage engineering / (Record no. 13493)

MARC details
000 -LEADER
fixed length control field 00422nam a2200133 a 4500
100 1# - MAIN ENTRY--AUTHOR NAME
Personal name Razevig, D. V.
245 10 - TITLE STATEMENT
Title High voltage engineering /
260 ## - PUBLICATION, DISTRIBUTION, ETC. (IMPRINT)
Place of publication [S.l.] :
Name of publisher Khanna Publishers,
Year of publication 1972.
300 ## - PHYSICAL DESCRIPTION
Number of Pages 726 p.
856 40 - ELECTRONIC LOCATION AND ACCESS
Uniform Resource Identifier http://www.amazon.com/exec/obidos/ASIN/B0007CDX1Y/chopaconline-20
Holdings
Withdrawn status Lost status Home library Current library Date acquired Cost, normal purchase price Full call number Accession Number Koha item type
    Central Library, QUEST, Nawabshah Central Library, QUEST, Nawabshah 07/05/2015 148.00 621.319RAZ 10082 Books
    Central Library, QUEST, Nawabshah Central Library, QUEST, Nawabshah 07/05/2015 148.00 621.319RAZ 10083 Books
    Central Library, QUEST, Nawabshah Central Library, QUEST, Nawabshah 07/05/2015 148.00 621.319RAZ 10084 Books
    Central Library, QUEST, Nawabshah Central Library, QUEST, Nawabshah 07/05/2015 148.00 621.319RAZ 10085 Books
    Central Library, QUEST, Nawabshah Central Library, QUEST, Nawabshah 07/05/2015 148.00 621.319RAZ 10086 Books

Copyright © 2018,The QUEST, Nawabshah, Shaheed Benazirabad. All rights reserved
Mr. G. Farooq Channar (Librarian) QUEST, Nawabshah, Sindh, Pakistan 67480.
 Ph#: |   0244-9370381-4 Ext. 2308   Email| lib@quest.edu.pk   Web|  http://www.quest.edu.pk